| 000 | 00754nam a2200241Ia 4500 | ||
|---|---|---|---|
| 005 | 20251020182514.0 | ||
| 008 | 200515s9999 xx 000 0 und d | ||
| 082 | _a658.31/P59 | ||
| 100 | _aPinilla, Antonio | ||
| 245 | 0 | _aRelaciones humanas y laborales en la empresa | |
| 260 | _aBarcelona | ||
| 260 | _bEditores Técnicos Asociados | ||
| 260 | _c1972 | ||
| 300 | _a188 p. | ||
| 300 | _bil. | ||
| 500 | _aSelección, comunicación y rendimiento del personal, contratos colectivos, asistencia social y cooperativas. | ||
| 520 | _aPresenta la realidad del trabajo, los conflictos laborales y sus soluciones. | ||
| 650 | _aADMINISTRACION DE PERSONAL | ||
| 650 | _aEMPRESAS | ||
| 650 | _aRELACIONES HUMANAS | ||
| 942 | _cLIB | ||
| 999 |
_c1534 _d1534 |
||